书目信息 |
| 题名: |
走遍美国
|
|
| 作者: | 任晓晋 , 邹为诚 主持改编 ;Mocn 改编及译注 | |
| 分册: | 1 | |
| 出版信息: | 武汉 湖北教育出版社 2003.1 |
|
| 页数: | 302页 | |
| 开本: | 28cm | |
| 丛书名: | ||
| 单 册: | ||
| 中图分类: | H319.4 | |
| 科图分类: | ||
| 主题词: | 英语--语言教学--语言读物 , 英语 , 语言教学 | |
| 电子资源: | ||
| ISBN: | 7-5351-2572-7 | |
| 000 | 01028nam0 2200301 45 | |
| 001 | 012004000000 | |
| 005 | 20041213150157.95 | |
| 010 | @a7-5351-2572-7@dCNY 27.50 | |
| 100 | @a20040916d2003 em y0chiy0121 ea | |
| 101 | 0 | @achi@aeng |
| 102 | @aCN@b420000 | |
| 105 | @aa z 000yy | |
| 200 | 1 | @a走遍美国@Azou bian mei guo@dFamily album , U.S.A. classroom video course@e新世纪版@e学习版@h1@f任晓晋, 邹为诚主持改编@gCheryl Mocn...[等]改编及译注@zeng |
| 205 | @a第2版 | |
| 210 | @a武汉@c湖北教育出版社@d2003.1 | |
| 215 | @a302页@c图@d28cm | |
| 304 | @a本书其他改编及译注: 王爱菊, 包晓凤, 朱宾忠, 张国庆, 赵南楠 | |
| 310 | @a全两册, 总定价¥55.00 | |
| 510 | 1 | @aFamily album , U.S.A. classroom video course@zeng |
| 606 | 0 | @a英语@x语言教学@j语言读物 |
| 606 | 0 | @a英语 |
| 606 | 0 | @a语言教学 |
| 690 | @aH319.4@v4 | |
| 701 | 0 | @a任晓晋@Aren xiao jin@4主持改编 |
| 701 | 0 | @a邹为诚@Azou wei cheng@4主持改编 |
| 702 | 0 | @aMocn@bCheryl@4改编及译注 |
| 801 | 0 | @aCN@bQSSKxf@c20041213 |
| 905 | @a10447@dH319.4@eR560:2 | |
| 走遍美国=Family album , U.S.A. classroom video course:新世纪版:学习版.1/任晓晋, 邹为诚主持改编/Cheryl Mocn...[等]改编及译注.-第2版.-武汉:湖北教育出版社,2003.1 |
| 302页:图;28cm |
| ISBN 7-5351-2572-7:CNY 27.50 |
| ● |
| 相关链接 |
|
|
|
正题名:走遍美国
索取号:H319.4/R560:2
 
预约/预借
| 序号 | 登录号 | 条形码 | 馆藏地/架位号 | 状态 | 备注 |
| 1 | 423551 | 204235513 | 自科二线504/504自科库 45排2列5层/ [索取号:H319.4/R560:2] | 在馆 | |
| 2 | 423552 | 204235522 | 语言库209/ [索取号:H319.4/R560:2] | 在馆 | |
| 3 | 423553 | 204235531 | 自科二线504/504自科库 45排2列5层/ [索取号:H319.4/R560:2] | 在馆 | |
| 4 | 433435 | 204334354 | 自科二线504/504自科库 45排2列5层/ [索取号:H319.4/R560:2] | 在馆 | |
| 5 | 433436 | 204334363 | 语言库209/ [索取号:H319.4/R560:2] | 在馆 |